Normal view
MARC view
Entry Personal Name
001 - CONTROL NUMBER
- control field: 21912
003 - CONTROL NUMBER IDENTIFIER
- control field: dpl
005 - DATE AND TIME OF LATEST TRANSACTION
- control field: 20100927114830.0
008 - FIXED-LENGTH DATA ELEMENTS
- fixed length control field: 100927|||a|||||| | ||| d
040 ## - CATALOGING SOURCE
- Original cataloging agency: dpl
- Transcribing agency: dpl
100 ## - HEADING--PERSONAL NAME
- Personal name: Lee, Alan
670 ## - SOURCE DATA FOUND
- Source citation: Work cat.: (dpl): Aiken, Joan 21911, The moon's revenge /, n. d.
670 ## - SOURCE DATA FOUND
- Source citation: Work cat.: (dpl): Aiken, Joan 21911, The moon's revenge /, n. d.
